Secret of chimneys (Record no. 395109)

MARC details
000 -LEADER
fixed length control field 00449 a2200181 4500
005 - DATE & TIME
control field 20260116160548.0
008 - FIXED-LENGTH DATA ELEMENTS--GENERAL INFORMATION
fixed length control field 260116b |||||||| |||| 00| 0 eng d
020 ## - ISBN
International Standard Book Number 9789369503865
Price Rs. 1995.00
040 ## - CATALOGING SOURCE
Original cataloging agency VIVEKANANDA LIBRARY
082 ## - DDC NUMBER
Classification number 823
Book Number C463S
100 ## - MAIN ENTRY--PERSONAL NAME
Personal name Christie, Agatha
245 ## - TITLE STATEMENT
Title Secret of chimneys
260 ## - PUBLICATION, DISTRIBUTION, ETC. (IMPRINT)
Name of publisher, distributor, etc Lector House
Date of publication, distribution, etc 2026
Place of publication, distribution, etc Delhi
300 ## - PHYSICAL DESCRIPTION
Pages 205
650 ## - Subject
Subject English Literature
650 ## - Subject
Subject English Fiction
942 ## - ADDED ENTRY ELEMENTS (KOHA)
Koha item type Books
Holdings
Withdrawn status Lost status Source of classification or shelving scheme Damaged status Not for loan Location (home branch) Sublocation or collection (holding branch) Shelving location Date acquired Koha issues (times borrowed) Koha full call number Accession No. Koha date last seen Koha item type
    Dewey Decimal Classification     VIVEKANANDA LIBRARY VIVEKANANDA LIBRARY Vivekananda Library 23/12/2025 2 823 C463S 443799 13/04/2026 Books
© Designed and Maintained by Vivekananda Library, MDU Rohtak